Statistics for What's in a Name? Marvel Picture Quiz

Click here to take the quiz!

General Stats

  • This quiz has been taken 6 times
  • The average score is 21 of 24

Answer Stats

Answer% Correct
Ant-Man
100%
Captain America
100%
Falcon
100%
Gwen Stacy
100%
Peter Parker
100%
Peter Quill
100%
War Machine
100%
Wolverine
100%
Ben Grimm
80%
Black Widow
80%
Carol Danvers
80%
Colossus
80%
Frank Castle
80%
Human Torch
80%
Invisible Woman
80%
Janet Van Dyne
80%
Marvel Girl
80%
Ororo Munroe
80%
Patsy Walker
80%
Quake
80%
Reed Richards
80%
Wade Wilson
80%
Wonder Man
80%
Greer Nelson
60%

Score Distribution

Percentile by Number Answered

Percent of People with Each Score

Your Score History

You have not taken this quiz